Дело об означении в контрактах, при заключении их с артистами, о вычете у них денег из жалованья во время отпусков свыше двадца...

Доступно только в Электронных читальных залах Найти на картеНа карте
RUSMARC
00004225nmc2a22000003x 450
00168e19004-572d-427a-9f79-a0147bd88cb7
00520190109202430.0
100##$a20170704l18491849k l0rusy0189 ca
1010#$arus
102##$aRU
2001#$aДело об означении в контрактах, при заключении их с артистами, о вычете у них денег из жалованья во время отпусков свыше двадцати восьми дней
$j22 сентября 1849 г.
251##$cДело
300##$aПо Санкт-Петербургской дирекции за 1849 год
300##$aОриг. заголовок дела: Дело о высочайшем повелении об означении при заключении контрактов с артистами, о вычете жалованья за время отпусков свыше двадцати восьми дней и о прочем. 22 сентября 1849 г
801#0$aRU
$bРГИА
$c20170704
$gRCR
801#1$aRU
$bГлавНИВЦ
$c20170704
$2rusmarc
801#2$aRU
$bПБ им. Б.Н. Ельцина
$c20190109
$gRCR
$2rusmarc
850##$aРГИА
852##$aРГИА
$eФедеральное казенное учреждение "Российский государственный исторический архив" (РГИА)
$j12419
937##$hРГИА
$d12247228
$aASBIBLIO_SCAN
462#0$1001dd3991dc-24e1-42ec-8838-ca4255420416
$12001
$a1746-1850 гг.
$1251
$cОпись
$1852
$j1
461#0$10019264ebf8-de62-4f1a-9eb4-9f22098dbbd5
$12001
$aДирекция императорских театров МИДв
$1251
$cФонд
$1852
$j497
215##$a3 л.
$d36,5х26 см
371##$aДокумент не является опубликованным и широко распространяемым
105##$ay###
1220#$ad
5171#$aДело о высочайшем повелении об означении при заключении контрактов с артистами, о вычете жалованья за время отпусков свыше двадцати восьми дней и о прочем. 22 сентября 1849 г
035##$a68e19004-572d-427a-9f79-a0147bd88cb7
856##$uhttp://readingroom.main.prlib.ru/item.aspx?id_node=n122796623&mode=full
Формат отображения